Dopady pandémie COVID-19 na platobné bilancie krajín vo svete diplomová práca

Saved in:
Bibliographic Details
Main Author: Mišík, Ľuboš
Corporate Author: Národohospodárska fakulta EU. Katedra bankovníctva a medzinárodných financií
Other Authors: Stanová, Barbora, 1989-
Format: Book
Language:Slovak
Published: Bratislava 2023
Tags: Add Tag
No Tags, Be the first to tag this record!

MARC

LEADER 00000nbm a2200000 4500
001 0293021
005 20231026123438.7
041 0 |a slo 
044 |a SK 
245 1 0 |a Dopady pandémie COVID-19 na platobné bilancie krajín vo svete  |b diplomová práca  |c Ľuboš Mišík ; školiteľ: Barbora Stanová 
264 1 |a Bratislava  |c 2023 
300 |a 72 s. 
100 1 |a Mišík, Ľuboš 
700 1 |a Stanová, Barbora, 1989- 
710 2 |a Národohospodárska fakulta EU. Katedra bankovníctva a medzinárodných financií